000 00720cam a22002533a 4500
001 8698
003 PGUSA
005 20140828083204.0
008 050801s2005||||xxu|||||s|||||000 p eng d
040 _aPGUSA
_beng
042 _adc
050 4 _aPQ
100 1 _aVerde, Cesário,
_d1855-1886
245 1 0 _aO Livro de Cesario Verde
_h[electronic resource] /
_cCesário Verde
260 _bProject Gutenberg,
_c2005
506 _aPublic domain in the USA.
516 _aElectronic text
653 _aPortuguese poetry
700 1 _aSilva Pinto, Antonio da,
_d1848-1911
740 0 _aO Livro de Cesário Verde
830 0 _aProject Gutenberg
_v8698
856 4 0 _uhttp://www.gutenberg.org/ebooks/8698
942 _cEB
999 _c237998
_d237998